000 00530nam a22001937a 4500
003 MPLRDC
005 20220104161606.0
008 210129b ||||| |||| 00| 0 eng d
020 _a957-13-4460-5
082 _a740.9 MIT
100 _aOLIVER MITTELBACH
245 _a跟著丹.布朗去旅行
_c许秀全等译
250 _a初版
260 _a台湾
_b时报文化出版企业股份有限公司
_c2006
300 _b174
490 _a人文旅游. 005
650 _a欧洲史地--人文地理
942 _cBK
_o740.9 MIT
999 _c55559
_d55549